| 000 | 00000nam##2200000za#4500 |
| 001 | 9.577935 |
| 003 | CaOODSP |
| 005 | 20210624185841 |
| 007 | cr ||||||||||| |
| 008 | 150406|1982||||xxc|||||o f|0| 0 eng|d |
| 022 | |a1488-5379 |
| 040 | |aCaOODSP|beng |
| 043 | |an-cn--- |
| 086 | 1 |aFs97-6/1097E-PDF |
| 110 | 1 |aCanada. |bDepartment of Fisheries and Oceans. |
| 245 | 10|aInfluence of controlled discharge from the Churchill River on the oceanography of Groswater Bay, Labrador / |h[electronic resource]|cby Judith Bobbitt and Scott Akenhead. |
| 260 | |aSt. John's - Newfoundland and Labrador : |bFisheries and Oceans Canada |c1982. |
| 300 | |a50p.|bfigs., references |
| 490 | 1 |aCanadian technical report of fisheries and aquatic sciences|x1488-5379|vNo. 1097 |
| 500 | |aOn t.p.: Fisheries Research Branch, St. John's, Newfoundland. The catalogue number and ISSN for the print edition appear in the PDF version. |
| 546 | |a(Résumé en français) |
| 590 | |a13-25-Supp|b2013-10-28 |
| 720 | 1 |aBobbitt, Judith |
| 720 | 1 |aAkenhead, Scott |
| 830 | #0|aCanadian technical report of fisheries and aquatic sciences,|x1488-5379|vNo. 1097|w(CaOODSP)9.504449 |
| 856 | 40|ahttp://publications.gc.ca|qPDF|s2176 KB|uhttps://publications.gc.ca/collections/collection_2013/mpo-dfo/Fs97-6-1097-eng.pdf|yNo. 1097 |